000 00437nam a22001577a 4500
005 20251108164930.0
008 250721s1987 xx 000 0 ara d
082 1 4 _a811.962/طاه
100 1 _aأبو فاشا، طاهر
245 1 0 _aالليالي /
264 1 _aالقاهرة :
_bالهيئة المصرية للكتاب،
_c1987.
300 _a106ص
650 1 7 _aالشعر الحديث
942 _2ddc
_cBK
999 _c17753
_d17753